Rypins' Clinical Sciences Review (Record no. 848)

MARC details
000 -LEADER
fixed length control field 01067cam a2200325 a 4500
001 - CONTROL NUMBER
control field 3452357
003 - CONTROL NUMBER IDENTIFIER
control field OSt
005 - DATE AND TIME OF LATEST TRANSACTION
control field 20200128103910.0
008 - FIXED-LENGTH DATA ELEMENTS--GENERAL INFORMATION
fixed length control field 920729s1993 paua b 001 0 eng c
010 ## - LIBRARY OF CONGRESS CONTROL NUMBER
LC control number 92049956
020 ## - INTERNATIONAL STANDARD BOOK NUMBER
International Standard Book Number 0397512465
040 ## - CATALOGING SOURCE
Original cataloging agency DNLM/DLC
Transcribing agency DLC
Modifying agency DLC
050 00 - LIBRARY OF CONGRESS CALL NUMBER
Classification number R834.5
Item number .R964 1993
060 ## - NATIONAL LIBRARY OF MEDICINE CALL NUMBER
Classification number WB 18 R995
082 00 - DEWEY DECIMAL CLASSIFICATION NUMBER
Classification number WB18 R993 1993
Edition number 20
100 ## - MAIN ENTRY--PERSONAL NAME
Personal name Edited by Rypins, Harold; Frohlich, Edward D.
9 (RLIN) 13326
245 00 - TITLE STATEMENT
Title Rypins' Clinical Sciences Review
250 ## - EDITION STATEMENT
Edition statement 16th ed.
260 ## - PUBLICATION, DISTRIBUTION, ETC. (IMPRINT)
Place of publication, distribution, etc. Philadelphia;
Name of publisher, distributor, etc. Lippincott,
Date of publication, distribution, etc. c1993.
300 ## - PHYSICAL DESCRIPTION
Extent xii, 431 p. :
Other physical details ill. ;
Dimensions 28 cm.
500 ## - GENERAL NOTE
General note Rev. ed. of: Rypins' medical boards review. 15th ed. Vol. 2, Clinical sciences. c1989.
504 ## - BIBLIOGRAPHY, ETC. NOTE
Bibliography, etc Includes bibliographical references and index.
650 #0 - SUBJECT ADDED ENTRY--TOPICAL TERM
Topical term or geographic name as entry element Medicine MCQs
9 (RLIN) 2287
650 #0 - SUBJECT ADDED ENTRY--TOPICAL TERM
Topical term or geographic name as entry element Clinical Medicine
9 (RLIN) 2288
730 0# - ADDED ENTRY--UNIFORM TITLE
Uniform title Rypins' medical boards review.
Number of part/section of a work Volume 2.
9 (RLIN) 2292
740 0# - ADDED ENTRY--UNCONTROLLED RELATED/ANALYTICAL TITLE
Uncontrolled related/analytical title Clinical sciences review.
906 ## - LOCAL DATA ELEMENT F, LDF (RLIN)
a 7
b cbc
c orignew
d 1
e ocip
f 19
g y-gencatlg
942 ## - ADDED ENTRY ELEMENTS (KOHA)
Source of classification or shelving scheme Other/Generic Classification Scheme
Koha item type Short Loan
Holdings
Withdrawn status Lost status Source of classification or shelving scheme Damaged status Not for loan Home library Current library Date acquired Source of acquisition Inventory number Total Checkouts Full call number Barcode Date last seen Koha item type
    Other/Generic Classification Scheme     MUST Main Library MUST Main Library 06/01/2015 Purchase 00/13709   WB18 R993 1993 2015-0025 06/01/2015 Short Loan